Statistics for Places in the US that use Ranked-Choice Voting

Click here to take the quiz!

General Stats

  • This quiz has been taken 26 times
    (3 since last reset)
  • The average score is 22 of 72

Answers on the Map

Answers color-coded by a green-red scale on the quiz's map according to % correct below.
 

Answer Stats

group% Correct
MilitaryAlabama
100%
ImplementingAlaska
100%
MilitaryArkansas
100%
MilitaryGeorgia
100%
PresidentialKansas
100%
MilitaryLouisiana
100%
CurrentMaine
100%
MilitaryMississippi
100%
PresidentialNevada
100%
MilitarySouth Carolina
100%
PrimaryTexas
100%
PresidentialUtah
100%
PrimaryVirginia
100%
PresidentialWyoming
100%
ImplementingBoulder, CO
67%
ImplementingBurlington, VT
67%
PresidentialHawaii
67%
AwaitingMemphis, TN
67%
CurrentOakland, CA
67%
CurrentSan Francisco, CA
67%
CurrentBerkeley, CA
33%
CurrentCambridge, MA
33%
ImplementingEureka, CA
33%
AwaitingLas Cruces, NM
33%
CurrentMinneapolis, MN
33%
CurrentNewton, UT
33%
CurrentNew York, NY
33%
CurrentPortland, ME
33%
CurrentSalt Lake City, UT
33%
CurrentSandy, UT
33%
CurrentSanta Fe, NM
33%
MilitarySpringfield, IL
33%
CurrentSt. Paul, MN
33%
ImplementingAlbany, CA
0%
ImplementingAmherst, MA
0%
CurrentArden, DE
0%
CurrentBasalt, CO
0%
CurrentBenton County, OR
0%
CurrentBloomington, MN
0%
CurrentBluffdale, UT
0%
ImplementingBroomfield, CO
0%
AwaitingCarbondale, CO
0%
CurrentCottonwood, UT
0%
AwaitingDavis, CA
0%
CurrentDraper, UT
0%
CurrentEasthampton, MA
0%
CurrentEastpointe, MI
0%
CurrentElk Ridge, UT
0%
AwaitingFerndale, MI
0%
CurrentGlenola, UT
0%
CurrentGoshen, UT
0%
CurrentHeber, UT
0%
CurrentLehi, UT
0%
CurrentMagna, UT
0%
CurrentMidvale, UT
0%
CurrentMill Creek, UT
0%
CurrentMinnetonka, MN
0%
CurrentMoab, UT
0%
CurrentNibley, UT
0%
ImplementingPalm Desert, CA
0%
CurrentPayson, UT
0%
CurrentRiver Heights, UT
0%
CurrentRiverton, UT
0%
CurrentSan Leandro, CA
0%
AwaitingSarasota, FL
0%
CurrentSouth Salt Lake, UT
0%
CurrentSpringville, UT
0%
CurrentSt. Louis Park, MN
0%
CurrentTakoma Park, MD
0%
CurrentTelluride, CO
0%
CurrentVineyard, UT
0%
CurrentWoodland Hills, UT
0%

Score Distribution

Percentile by Number Answered

Percent of People with Each Score

Your Score History

You have not taken this quiz since the last reset